书目信息 |
| 题名: |
带上科学出发
|
|
| 作者: | 戴崝 编著 | |
| 分册: | ||
| 出版信息: | 北京 光明日报出版社 2020.01 |
|
| 页数: | 180页 | |
| 开本: | 17cm | |
| 丛书名: | ||
| 单 册: | ||
| 中图分类: | G633.73 | |
| 科图分类: | ||
| 主题词: | 科学教育学--中小学--教学参考资料 | |
| 电子资源: | ||
| ISBN: | 978-7-5194-5664-1 | |
| 000 | 01142nam0 2200229 450 | |
| 001 | 012001001007 | |
| 005 | 20140201102100.0 | |
| 010 | @a978-7-5194-5664-1@dCNY40.00 | |
| 100 | @a20220905d2020 em y0chiy0110 ea | |
| 101 | 0 | @achi |
| 102 | @aCN@b110000 | |
| 105 | @ay z 000yy | |
| 106 | @ar | |
| 200 | 1 | @a带上科学出发@Adai shang ke xue chu fa@f戴崝编著 |
| 210 | @a北京@c光明日报出版社@d2020.01 | |
| 215 | @a180页@d17cm | |
| 330 | @a这是一本青少年校外科学教育指导书。作为一名校外教育领域的科学课教师,“教什么”的问题时常在我头脑中盘旋。“在学校的教材里科学教了什么?”“在校外科学可以带给孩子什么?”“对于科学,这群孩子们了解什么?喜欢什么?”……要解开这些问题,需要回到我的课程目标上,从学生的视角出发,我确定了这个目标,可通俗地归结为:发现科学的有趣有料,做科学的朋友,在成长道路上带上科学出发。由此,我将这一思考渗透在了学习内容的编排上,形成了本书的框架。本书内容由五章组成,分别是绪论、科学会思考、科学有方法、科学寻证据、科学来解释、科学伴生活。 | |
| 606 | 0 | @a科学教育学@x中小学@j教学参考资料 |
| 690 | @aG633.73@v5 | |
| 701 | 0 | @a戴崝@Adai zheng@4编著 |
| 801 | 0 | @aCN@bAHXH@c20221111 |
| 905 | @b1365505-9@dG633.73@e523@f5 | |
| 带上科学出发/戴崝编著.-北京:光明日报出版社,2020.01 |
| 180页;17cm |
| ISBN 978-7-5194-5664-1:CNY40.00 |
| 这是一本青少年校外科学教育指导书。作为一名校外教育领域的科学课教师,“教什么”的问题时常在我头脑中盘旋。“在学校的教材里科学教了什么?”“在校外科学可以带给孩子什么?”“对于科学,这群孩子们了解什么?喜欢什么?”……要解开这些问题,需要回到我的课程目标上,从学生的视角出发,我确定了这个目标,可通俗地归结为:发现科学的有趣有料,做科学的朋友,在成长道路上带上科学出发。由此,我将这一思考渗透在了学习内容的编排上,形成了本书的框架。本书内容由五章组成,分别是绪论、科学会思考、科学有方法、科学寻证据、科学来解释、科学伴生活。 |
| ● |
| 相关链接 |
|
|
|
|
正题名:带上科学出发
索取号:G633.73/523
 
预约/预借
| 序号 | 登录号 | 条形码 | 馆藏地/架位号 | 状态 | 备注 |
| 1 | 1365505 | 213655052 | 第一样本阅览室/ [索取号:G633.73/523] | 在馆 | |
| 2 | 1365506 | 213655061 | 教育系资料室/ [索取号:G633.73/523] | 在馆 | |
| 3 | 1365507 | 213655070 | 教育系资料室/ [索取号:G633.73/523] | 在馆 | |
| 4 | 1365508 | 213655089 | 第四借阅区/ [索取号:G633.73/523] | 在馆 | |
| 5 | 1365509 | 213655098 | 第四借阅区/ [索取号:G633.73/523] | 在馆 |